000 00918nas a2200289 4500
001 BR2012008378
003 BR-BrBNA
005 20231205121406.0
007 ta
008 230509b bl.|||p| |||| 00| 00por d
040 _aBR-BrBNA
_bpor
_cBiblioteca Nacional de Agricultura
041 _a(Pt)
072 _aF40
100 1 _aGuimarães, D.P.
100 1 _aSilva, G.G.C.
100 1 _aSans, L.M.A.
100 1 _aLeite, F.P.
245 1 _aUso do modelo de crescimento 3-PG para o zoneamento do potencial produtivo do eucalipto no estado de Minas Gerais
650 _aEUCALIPTO
650 _aZONEAMENTO FLORESTAL
650 _aPRODUÇÃO FLORESTAL
650 _aCRESCIMENTO
650 _aMINAS GERAIS
773 0 _tRevista Brasileira de Agrometeorologia (Brazil)
_xISSN 0104-1347
_g(May-Aug 2007), v. 15(2) p. 192-197
_wBR2012008378
909 _a202311
_bLúcia
_c55
_dLúcia Elande
942 _2AGRIS
_n0
_cANA
999 _c223337
_d223337